Estatísticas para OS 32 TIMES DA NFL

Clique aqui para jogar o quiz

Estatísticas Gerais

  • Esse quiz foi jogado 51 vezes
  • A pontuação média é 17 de 32

Estatísticas das Respostas

Resposta% Correto
Kansas City Chiefs
85%
New England Patriots
70%
New York Jets
70%
Miami Dolphins
68%
Philadelphia Eagles
68%
New York Giants
65%
San Francisco 49ers
65%
Baltimore Ravens
63%
Detroit Lions
63%
Los Angeles Rams
63%
Las Vegas Raiders
60%
Seattle Seahawks
58%
Buffalo Bills
55%
Dallas Cowboys
55%
Cleveland Browns
53%
Green Bay Packers
53%
Houston Texans
50%
Los Angeles Chargers
50%
Carolina Panthers
48%
Chicago Bears
48%
Cincinnati Bengals
48%
Tampa Bay Buccaneers
48%
Arizona Cardinals
45%
Atlanta Falcons
45%
Denver Broncos
45%
Jacksonville Jaguars
45%
Minnesota Vikings
43%
New Orleans Saints
43%
Pittsburgh Steelers
43%
Washington Commanders
43%
Tennessee Titans
40%
Indianapolis Colts
35%

Distribuição das Pontuações

Percentil de Números Respondidos

Porcentagem de Pessoas com Cada Pontuação

Sua Pontuação Histórica

Você não jogou esse quiz